000 01020nam a2200265Ia 4500
003 OSt
005 20220923222237.0
006 a|||||r|||| 00| 0
007 ta
008 Pun
024 _a203,949
037 _cTextual
040 _aARTS
_cARTS
_bPun
041 _2Pun
_aPun
082 _aO153,3M95w, 152N2
100 _aकोहली, सुरेन्द्र सिंह; सिंह, जसबीर, प्रचण्ड, अनु.
_9166415
245 0 _aगुरबख्श सिंह
246 _aGurabakhsha sianha
260 _aनई दिल्ली
_b साहित्य अकादमी
_c1992
300 _a99पृ0
_ccm.
490 _aभारतीय साहित्य के निर्माता
650 _aपंजाबी निबंध
942 _hO153,3M95w, 152N2
_cTEXL
_2CC
999 _c354699
_d354699